[Event "IX Floripa Chess Open Fort Atacadista"]
[Site "Florianópolis - Santa Catari"]
[Date "2023.01.29"]
[Round "10.82"]
[White "Teixeira, Jonas Carvalho"]
[Black "Rodriguez, Mathias"]
[Result "0-1"]
[WhiteElo "1791"]
[BlackElo "2207"]
[PlyCount "82"]
[EventDate "2023.01.23"]
[EventRounds "10"]
[EventCountry "BRA"]

1. d4 Nf6 2. c4 g6 3. Nc3 Bg7 4. e4 d6 5. Be2 O-O 6. Be3 e5 7. d5 Na6 8. g4 Nc5
9. Bxc5 dxc5 10. h4 Ne8 11. g5 Nd6 12. Qd3 f6 13. gxf6 Qxf6 14. Qe3 Qf4 15. h5
Qxe3 16. fxe3 g5 17. h6 Bf6 18. O-O-O Kh8 19. Rf1 g4 20. Rf2 Bd7 21. b3 Bg5 22.
Rxf8+ Rxf8 23. Kd2 a6 24. a4 Nf7 25. Rh2 Bxh6 26. Rg2 Rg8 27. a5 Bf8 28. Na4 h5
29. Bf1 h4 30. Ne2 Be7 31. Rg1 g3 32. Bg2 Ng5 33. Nxg3 hxg3 34. Rh1+ Kg7 35.
Nc3 Rf8 36. Rg1 Nf3+ 37. Bxf3 Rxf3 38. Ne2 Bh4 39. Rh1 g2 40. Rxh4 Rf2 41. Ke1
Rxe2+ 0-1

[Event "IX Floripa Chess Open Fort Atacadista"]
[Site "Florianópolis - Santa Catari"]
[Date "2023.01.29"]
[Round "10.83"]
[White "Silvestre, Gilmar Severino"]
[Black "Silveira, Leonardo Eleuterio "]
[Result "0-1"]
[WhiteElo "1749"]
[BlackElo "2124"]
[PlyCount "160"]
[EventDate "2023.01.23"]
[EventRounds "10"]
[EventCountry "BRA"]

1. d4 e6 2. c4 Bb4+ 3. Bd2 Qe7 4. Nf3 f5 5. g3 Nf6 6. Bg2 O-O 7. O-O Ne4 8. a3
Bxd2 9. Nfxd2 d5 10. e3 c6 11. Qc2 Nd7 12. cxd5 exd5 13. Nc3 Ndf6 14. Rae1 Nxd2
15. Qxd2 Ne4 16. Qc2 Qd6 17. f3 Nf6 18. Bh3 g6 19. Ne2 Re8 20. Nf4 g5 21. Nd3
g4 22. fxg4 fxg4 23. Bg2 Nd7 24. Qe2 Qg6 25. e4 Nf6 26. Nf4 Qg5 27. e5 Bf5 28.
Qd2 Ne4 29. Bxe4 Bxe4 30. Qb4 Qh6 31. Qb3 Bf3 32. h4 Re7 33. Qe3 Rd8 34. Rf2
Kh8 35. b4 Qf8 36. Qd3 Qg7 37. Ref1 Rf8 38. Nh5 Qg6 39. Qxg6 hxg6 40. Nf6 Rxf6
41. exf6 Re4 42. Rxf3 gxf3 43. Rxf3 Kg8 44. Rf4 Rxf4 45. gxf4 Kf7 46. Kf2 Kxf6
47. Ke3 Ke6 48. Kf3 Kf5 49. a4 b5 50. a5 a6 51. Kg3 Ke4 52. Kg4 Kxd4 53. f5
gxf5+ 54. Kxf5 Ke3 55. h5 d4 56. h6 d3 57. h7 d2 58. h8=Q d1=Q 59. Qh6+ Ke2 60.
Qh5+ Ke1 61. Qh1+ Kd2 62. Qh6+ Kc3 63. Qxc6+ Kxb4 64. Qxa6 Qd7+ 65. Ke4 Qe7+
66. Kd3 Qd7+ 67. Ke4 Qg4+ 68. Ke3 Qg3+ 69. Ke4 Qe1+ 70. Kd3 Qd1+ 71. Ke4 Ka4
72. Qb6 Qe2+ 73. Kf5 Qd3+ 74. Kg4 Qe2+ 75. Kf5 Qf3+ 76. Ke5 Qc3+ 77. Kf5 Qxa5
78. Qd4+ Qb4 79. Qa1+ Qa3 80. Qd1+ Ka5 0-1

[Event "IX Floripa Chess Open Fort Atacadista"]
[Site "Florianópolis - Santa Catari"]
[Date "2023.01.29"]
[Round "10.84"]
[White "Cordeiro, Marco Aurelio Zaror"]
[Black "Cezar, Ricardo De Almeida"]
[Result "1-0"]
[WhiteElo "2099"]
[BlackElo "1795"]
[PlyCount "41"]
[EventDate "2023.01.23"]
[EventRounds "10"]
[EventCountry "BRA"]

1. e4 c5 2. Nf3 d6 3. c3 Nf6 4. Bc4 e6 5. d3 Be7 6. O-O O-O 7. Bb3 Nbd7 8. Re1
a6 9. d4 Qc7 10. e5 Nd5 11. Nbd2 cxd4 12. cxd4 b5 13. exd6 Bxd6 14. Ne4 Bf4 15.
g3 Bxc1 16. Rxc1 Qb6 17. Nc5 Qd6 18. Ne5 Rd8 19. Nxf7 Kxf7 20. Rxe6 Qc7 21.
Bxd5 1-0

[Event "IX Floripa Chess Open Fort Atacadista"]
[Site "Florianópolis - Santa Catari"]
[Date "2023.01.29"]
[Round "10.85"]
[White "Dias, Anderson Tatsch"]
[Black "Pavao, Fabio Biasi"]
[Result "1-0"]
[WhiteElo "2087"]
[BlackElo "1799"]
[PlyCount "101"]
[EventDate "2023.01.23"]
[EventRounds "10"]
[EventCountry "BRA"]

1. d4 Nf6 2. c4 g6 3. Nc3 d5 4. cxd5 Nxd5 5. Bd2 Bg7 6. e4 Nxc3 7. Bxc3 O-O 8.
Rc1 b6 9. f3 Bb7 10. Bc4 e6 11. Ne2 Qh4+ 12. g3 Qg5 13. Kf2 Bh6 14. Rc2 Qf6 15.
Kg2 Nd7 16. d5 Ne5 17. f4 Nxc4 18. Bxf6 Ne3+ 19. Kf2 Nxd1+ 20. Rxd1 Rac8 21.
Rdc1 exd5 22. Rxc7 Ba6 23. Rxc8 Rxc8 24. Rxc8+ Bxc8 25. exd5 Bf8 26. Ke3 Bc5+
27. Bd4 Be7 28. a3 Kf8 29. Nc3 Bd7 30. b4 Ke8 31. Kd3 f6 32. Kc4 Bd8 33. Ne4
b5+ 34. Kd3 f5 35. Nd6+ Kf8 36. Bxa7 Bc7 37. Nb7 Bc8 38. Nc5 Ke7 39. Kd4 Bd7
40. Nd3 Kf7 41. Bc5 Bc8 42. Nb2 Bb7 43. a4 Ba6 44. axb5 Bxb5 45. Nd1 Ke8 46.
Kc3 Kd7 47. Kd4 Bd6 48. Bxd6 Kxd6 49. Ne3 Ba6 50. Nc4+ Kc7 51. Kc5 1-0

[Event "IX Floripa Chess Open Fort Atacadista"]
[Site "Florianópolis - Santa Catari"]
[Date "2023.01.29"]
[Round "10.86"]
[White "Reinaldo Dos Santos, Julio"]
[Black "Oliveira, Tiago Batista"]
[Result "1-0"]
[WhiteElo "1749"]
[BlackElo "2047"]
[PlyCount "63"]
[EventDate "2023.01.23"]
[EventRounds "10"]
[EventCountry "BRA"]

1. d4 Nf6 2. c4 g6 3. Nc3 d5 4. cxd5 Nxd5 5. e4 Nxc3 6. bxc3 Bg7 7. Bc4 c5 8.
Ne2 Nc6 9. Be3 O-O 10. O-O Qc7 11. Rc1 b6 12. h4 Rd8 13. h5 Na5 14. Bd3 Bb7 15.
hxg6 hxg6 16. f4 e5 17. f5 exd4 18. cxd4 gxf5 19. Rxf5 Qe7 20. Ng3 f6 21. Rf4
Rd5 22. Qf3 Rg5 23. Rh4 Rg6 24. Nf5 Qf7 25. Qh5 Rd8 26. d5 Rd7 27. Rf1 c4 28.
Bc2 Kf8 29. Bf4 Ba6 30. Nd6 Rxd6 31. Bxd6+ Kg8 32. Qh7# 1-0

[Event "IX Floripa Chess Open Fort Atacadista"]
[Site "Florianópolis - Santa Catari"]
[Date "2023.01.29"]
[Round "10.87"]
[White "Flores, Clarice Soares Leit"]
[Black "Raimundo, Airton Carlos Nunes"]
[Result "1-0"]
[WhiteElo "1737"]
[BlackElo "2023"]
[PlyCount "131"]
[EventDate "2023.01.23"]
[EventRounds "10"]
[EventCountry "BRA"]

1. d4 Nf6 2. c4 e6 3. g3 d5 4. Bg2 Be7 5. Nf3 O-O 6. O-O dxc4 7. Ne5 Nc6 8.
Nxc6 bxc6 9. Na3 Bxa3 10. bxa3 Nd5 11. e4 Nb6 12. Be3 Qe7 13. a4 a5 14. a3 Bd7
15. Qe2 c3 16. Qc2 c5 17. dxc5 Nxa4 18. e5 Bb5 19. Bxa8 Rxa8 20. Qe4 Qe8 21.
Rfb1 Bc6 22. Qg4 Kf8 23. h4 Rd8 24. Bg5 f6 25. exf6 gxf6 26. Bxf6 Rd7 27. h5 c2
28. Re1 Qf7 29. Bd4 Rd5 30. h6 Rh5 31. Bg7+ Ke7 32. Rxe6+ Qxe6 33. Qxh5 Qe4 34.
Qe5+ Qxe5 35. Bxe5 Nxc5 36. Bxc7 Nd3 37. Bf4 Bf3 38. Be3 a4 39. Kh2 Ke6 40. Kh3
Kf5 41. Rg1 Bg4+ 42. Kg2 Ke4 43. Ra1 Bd1 44. Ra2 Ne1+ 45. Kf1 Nd3 46. g4 Kf3
47. g5 Ne5 48. Ke1 Nd3+ 49. Kf1 Ne5 50. g6 Nxg6 51. Ke1 Ne5 52. Kd2 Nc4+ 53.
Kc1 Ke4 54. Bc5 Kd3 55. Bb4 Ne5 56. f4 Nf7 57. Bf8 Kc3 58. Rb2 Nd8 59. Rb6 Bf3
60. Bb4+ Kc4 61. Kxc2 Nc6 62. Bc3 Be4+ 63. Kd2 Kc5 64. Rb2 Ne7 65. Ke3 Bg6 66.
Bb4+ 1-0

[Event "IX Floripa Chess Open Fort Atacadista"]
[Site "Florianópolis - Santa Catari"]
[Date "2023.01.29"]
[Round "10.88"]
[White "Sanchez, Ivan Roberto"]
[Black "Ibanez, Marcelo"]
[Result "0-1"]
[WhiteElo "1731"]
[BlackElo "2014"]
[PlyCount "78"]
[EventDate "2023.01.23"]
[EventRounds "10"]
[EventCountry "BRA"]

1. d4 Nf6 2. c4 e6 3. g3 d5 4. Nf3 c5 5. Bg2 Nc6 6. cxd5 exd5 7. O-O Be6 8.
Nbd2 Be7 9. Qc2 Nb4 10. Qb1 Qc8 11. Ng5 Bf5 12. e4 dxe4 13. Ngxe4 cxd4 14.
Nxf6+ gxf6 15. Be4 Nc2 16. Bxf5 Qxf5 17. a3 d3 18. Ra2 O-O 19. Nc4 Rac8 20. Ne3
Qe4 21. b4 Rfd8 22. Ng2 d2 23. Bb2 Qf3 24. Nh4 d1=Q 25. Nxf3 Qxf3 26. Bxf6 Bxf6
27. Rxc2 Rxc2 28. Qxc2 Qxa3 29. Qe4 Qa6 30. h4 Qc6 31. Qg4+ Bg7 32. Qf5 Qd5 33.
Qc2 Bf8 34. Qe2 a6 35. h5 h6 36. Rc1 Qe6 37. Qc4 Rd1+ 38. Kg2 Rxc1 39. Qxc1
Qc6+ 0-1

[Event "IX Floripa Chess Open Fort Atacadista"]
[Site "Florianópolis - Santa Catari"]
[Date "2023.01.29"]
[Round "10.89"]
[White "Costa, Paulo Sergio"]
[Black "Ramirez, Maria Eugenia"]
[Result "0-1"]
[WhiteElo "1721"]
[BlackElo "2007"]
[PlyCount "170"]
[EventDate "2023.01.23"]
[EventRounds "10"]
[EventCountry "BRA"]

1. d4 Nf6 2. Nf3 e6 3. Bf4 d5 4. e3 c6 5. Bd3 Qb6 6. b3 Na6 7. c3 c5 8. O-O Bd7
9. Nbd2 Rc8 10. Rc1 Be7 11. Ne5 h6 12. Nxd7 Nxd7 13. Qg4 g5 14. Bg3 h5 15. Qe2
h4 16. Be5 f6 17. Bg6+ Kf8 18. dxc5 Bxc5 19. Bd4 Kg7 20. Bb1 e5 21. Qg4 Qd6 22.
Bxc5 Ndxc5 23. f4 exf4 24. exf4 Qe6 25. Bf5 Qe3+ 26. Kh1 Rce8 27. fxg5 Qxg5 28.
Qd4 Re2 29. Rf2 Rxf2 30. Qxf2 Ne4 31. Bxe4 dxe4 32. Re1 f5 33. Qd4+ Kh7 34.
Qd7+ Kh6 35. h3 Rg8 36. Re2 Rd8 37. Qe6+ Kg7 38. Qe5+ Qf6 39. Qf4 Rd5 40. g4
Qxc3 41. gxf5 Qxh3+ 42. Rh2 Rxf5 43. Rxh3 Rxf4 44. Re3 Nc5 45. b4 Nd3 46. Nxe4
Rxe4 47. Rxd3 Rxb4 48. a3 Rb1+ 49. Kg2 Kf6 50. Kh3 Kg5 51. Rd5+ Kf4 52. Rd4+
Ke5 53. Ra4 a6 54. Kxh4 Kd5 55. Kg4 Rc1 56. Kf3 Rc4 57. Ra5+ Kd4 58. Ke2 Kc3
59. Rd5 Rc7 60. Rd3+ Kb2 61. Kd1 Rc2 62. Ke1 Rc3 63. Rd7 Rb3 64. a4 Ka3 65. Kd2
Kxa4 66. Rc7 Rb4 67. Kc3 Rb1 68. Kc2 Rb6 69. Kc3 Ka5 70. Kc4 Rb1 71. Rh7 b5+
72. Kc3 Rg1 73. Kb3 Rg3+ 74. Kb2 Ka4 75. Rh2 a5 76. Rf2 Rg4 77. Rh2 Kb4 78. Rc2
a4 79. Rf2 Rg3 80. Rf4+ Ka5 81. Rf2 a3+ 82. Ka2 b4 83. Rf1 b3+ 84. Kb1 a2+ 85.
Kb2 Rg2+ 0-1

[Event "IX Floripa Chess Open Fort Atacadista"]
[Site "Florianópolis - Santa Catari"]
[Date "2023.01.29"]
[Round "10.90"]
[White "Brand, Leticia Soethe"]
[Black "Mesquita, Guilherme"]
[Result "1-0"]
[WhiteElo "1657"]
[BlackElo "2007"]
[PlyCount "87"]
[EventDate "2023.01.23"]
[EventRounds "10"]
[EventCountry "BRA"]

1. e4 c5 2. Nf3 d6 3. d4 cxd4 4. Nxd4 Nf6 5. Nc3 a6 6. Bg5 e6 7. f4 Qb6 8. Qd2
Nc6 9. Bxf6 gxf6 10. Nb3 h5 11. O-O-O Bd7 12. Be2 Rc8 13. Kb1 Qa7 14. Rhf1 b5
15. a3 Qb6 16. Rf3 Na5 17. Nxa5 Qxa5 18. e5 d5 19. Nxd5 Qxd2 20. Nxf6+ Ke7 21.
Rxd2 Bc6 22. Rc3 Bg7 23. Bf3 Bd5 24. Rxc8 Rxc8 25. Nxd5+ exd5 26. Rxd5 h4 27.
Rd6 a5 28. Rb6 Rc4 29. g3 b4 30. Rb7+ Kf8 31. Bd5 Rd4 32. Rxf7+ Ke8 33. Bb3 Bf8
34. axb4 a4 35. Be6 Rxb4 36. Ra7 Bc5 37. Rh7 a3 38. Bb3 Re4 39. Rxh4 Bd4 40.
Ba4+ Kf8 41. bxa3 Be3 42. Bb5 Bd2 43. Bd3 Re1+ 44. Ka2 1-0

[Event "IX Floripa Chess Open Fort Atacadista"]
[Site "Florianópolis - Santa Catari"]
[Date "2023.01.29"]
[Round "10.91"]
[White "Lopes, Leonardo Borges"]
[Black "Ferraz, Michel Liah"]
[Result "0-1"]
[WhiteElo "1635"]
[BlackElo "1947"]
[PlyCount "48"]
[EventDate "2023.01.23"]
[EventRounds "10"]
[EventCountry "BRA"]

1. e4 c5 2. Nf3 Nc6 3. d4 cxd4 4. Nxd4 Nf6 5. Nc3 e5 6. Ndb5 d6 7. Bg5 a6 8.
Na3 b5 9. Nd5 Be7 10. Bxf6 Bxf6 11. c3 O-O 12. Nc2 Rb8 13. Qf3 Be6 14. h4 a5
15. Nce3 b4 16. Rd1 bxc3 17. bxc3 Rb5 18. Nxf6+ gxf6 19. Nf5 Kh8 20. Nxd6 Qe7
21. Nf5 Bxf5 22. Qxf5 Nd4 23. Qh3 Nc2+ 24. Kd2 Qc5 0-1

[Event "IX Floripa Chess Open Fort Atacadista"]
[Site "Florianópolis - Santa Catari"]
[Date "2023.01.29"]
[Round "10.92"]
[White "Heinechen, John"]
[Black "Mariot Vaz, Joao Antonio Bertol"]
[Result "1/2-1/2"]
[WhiteElo "1935"]
[BlackElo "1756"]
[PlyCount "110"]
[EventDate "2023.01.23"]
[EventRounds "10"]
[EventCountry "BRA"]

1. e4 c5 2. Nf3 e6 3. d4 cxd4 4. Nxd4 Nf6 5. Bd3 Nc6 6. Nxc6 dxc6 7. O-O e5 8.
a4 Be7 9. Nd2 O-O 10. Nc4 Qc7 11. Qe2 Be6 12. f4 Nd7 13. f5 Bxc4 14. Bxc4 Rad8
15. Rf3 Nf6 16. Rh3 Rd4 17. Bd3 c5 18. c3 Rd6 19. g4 c4 20. Bxc4 Nxg4 21. b3
Nf6 22. Rg3 Kh8 23. Bg5 Qd8 24. Bxf6 Bxf6 25. Bd5 Qc7 26. Kh1 Rfd8 27. c4 Bh4
28. Rg4 Rh6 29. Rag1 Bf6 30. Qg2 Rg8 31. Qd2 Rh4 32. R4g3 b6 33. b4 Rd8 34.
Rxg7 Bxg7 35. Qg5 Rxh2+ 36. Kxh2 f6 37. Qg4 Qe7 38. Rg3 Qf8 39. Rh3 Bh6 40. Kh1
Bg5 41. Qh5 Rd7 42. c5 bxc5 43. bxc5 Rg7 44. c6 h6 45. Qf3 Qb4 46. Qd1 Bf4 47.
Rb3 Qc5 48. Rb8+ Kh7 49. Rb7 Rxb7 50. cxb7 Qe3 51. Qb3 Qe1+ 52. Kg2 Qe2+ 53.
Kg1 Qe1+ 54. Kg2 Qe2+ 55. Kg1 Qe1+ 1/2-1/2

[Event "IX Floripa Chess Open Fort Atacadista"]
[Site "Florianópolis - Santa Catari"]
[Date "2023.01.29"]
[Round "10.93"]
[White "De Resende, Sidnei"]
[Black "Fischer, Ivo Lucio"]
[Result "0-1"]
[WhiteElo "1629"]
[BlackElo "1926"]
[PlyCount "80"]
[EventDate "2023.01.23"]
[EventRounds "10"]
[EventCountry "BRA"]

1. c4 c6 2. Nc3 d5 3. e3 Nf6 4. Nf3 g6 5. d4 Bg7 6. Be2 O-O 7. O-O Nbd7 8. b3
Re8 9. Bb2 a6 10. Qc2 Nb6 11. Rfd1 Bf5 12. Bd3 Bxd3 13. Qxd3 e6 14. Rac1 Qe7
15. Ne5 Rad8 16. Qe2 Nfd7 17. Nxd7 Rxd7 18. f4 f5 19. Nb1 g5 20. g3 Rdd8 21.
Nd2 g4 22. Nb1 Bf6 23. Bc3 Rc8 24. c5 Nd7 25. Na3 h5 26. b4 Kf7 27. Kg2 Rh8 28.
Rh1 h4 29. Be1 Rh6 30. Bf2 Rch8 31. Rcg1 Kg6 32. Kf1 Qh7 33. gxh4 Bxh4 34. Bxh4
Rxh4 35. Rg2 Nf6 36. Nc2 Ne4 37. Ne1 Kf6 38. a4 Rh3 39. b5 axb5 40. axb5 Ng3+
0-1

[Event "IX Floripa Chess Open Fort Atacadista"]
[Site "Florianópolis - Santa Catari"]
[Date "2023.01.29"]
[Round "10.94"]
[White "Elesbao, Bernardo Dartora"]
[Black "Schena, Arthur"]
[Result "0-1"]
[WhiteElo "1604"]
[BlackElo "1918"]
[PlyCount "110"]
[EventDate "2023.01.23"]
[EventRounds "10"]
[EventCountry "BRA"]

1. e4 d6 2. d4 Nf6 3. Nc3 g6 4. Be3 Bg7 5. f3 O-O 6. Qd2 c6 7. a4 Qa5 8. Ra3
Nbd7 9. Nh3 e5 10. dxe5 Nxe5 11. Nf2 Be6 12. Qxd6 Rfd8 13. Qc5 Qc7 14. Qb4 Bf8
15. Bc5 a5 16. Qb6 Qd7 17. Be3 Bxa3 18. bxa3 Nc4 19. Bxc4 Bxc4 20. Qc5 Qe6 21.
Bg5 Ba6 22. Nh3 Nd7 23. Qd4 f6 24. Bc1 Qe5 25. Qe3 Qc5 26. Nf4 Qxe3+ 27. Bxe3
Kf7 28. Kf2 Ne5 29. Nfe2 Bxe2 30. Nxe2 Rd7 31. Rb1 Nc4 32. Bc5 b6 33. Bd4 c5
34. Be3 Nxe3 35. Kxe3 Rd6 36. Nc3 Re8 37. Nb5 Rd7 38. Nc3 Re6 39. Rb2 f5 40.
Kf4 fxe4 41. Nxe4 Rd4 42. Kg3 h6 43. Nc3 Re3 44. Nb5 Rd2 45. Nc7 g5 46. Rxb6
Ree2 47. Kg4 Rxg2+ 48. Kf5 Rxh2 49. Rb7 Rd7 50. Ne6 Rxb7 51. Nd8+ Kg7 52. Nxb7
Rxc2 53. Nxa5 Rc3 54. Nb7 Rxf3+ 55. Kg4 Rf4+ 0-1

[Event "IX Floripa Chess Open Fort Atacadista"]
[Site "Florianópolis - Santa Catari"]
[Date "2023.01.29"]
[Round "10.95"]
[White "Marocco, Gabriel Leao Quadro"]
[Black "Cerrato, Alex"]
[Result "0-1"]
[WhiteElo "1598"]
[BlackElo "1915"]
[PlyCount "76"]
[EventDate "2023.01.23"]
[EventRounds "10"]
[EventCountry "BRA"]

1. e4 Nc6 2. d4 e5 3. d5 Nce7 4. Nf3 Ng6 5. h4 h5 6. Bg5 Nf6 7. Be2 Bc5 8. Nbd2
d6 9. g3 Bg4 10. Bb5+ Bd7 11. Qe2 a6 12. Bxd7+ Qxd7 13. Nb3 Bb6 14. Nfd2 O-O-O
15. O-O-O Rdf8 16. Nc4 Ba7 17. f3 Nh7 18. Be3 Bxe3+ 19. Nxe3 Ne7 20. g4 hxg4
21. fxg4 Kb8 22. Rdf1 Nf6 23. Nd2 Qa4 24. Qc4 Qxc4 25. Nexc4 Nxg4 26. Rfg1 f5
27. exf5 Nh6 28. Ne3 Nexf5 29. Nxf5 Rxf5 30. c4 g6 31. Rg4 Kc8 32. Ne4 Rf4 33.
Rxf4 exf4 34. Kd2 Nf5 35. Rg1 Rxh4 36. Rxg6 f3 37. Nf2 b6 38. Rg4 Rh2 0-1

[Event "IX Floripa Chess Open Fort Atacadista"]
[Site "Florianópolis - Santa Catari"]
[Date "2023.01.29"]
[Round "10.96"]
[White "Cristino, Felipe Borges"]
[Black "De Paula, Luan Araujo"]
[Result "1-0"]
[WhiteElo "1893"]
[BlackElo "1747"]
[PlyCount "89"]
[EventDate "2023.01.23"]
[EventRounds "10"]
[EventCountry "BRA"]

1. d4 Nf6 2. c4 e6 3. Nc3 Bb4 4. e3 d5 5. a3 Bxc3+ 6. bxc3 O-O 7. cxd5 exd5 8.
f3 b6 9. Bd3 Ba6 10. Ne2 Bxd3 11. Qxd3 Re8 12. Bd2 c5 13. g4 Qd7 14. O-O c4 15.
Qc2 Nc6 16. Ng3 h6 17. Kg2 Na5 18. h3 Nb3 19. Rae1 Qc6 20. h4 Re6 21. g5 Ne8
22. f4 Nd6 23. f5 Re4 24. gxh6 Rg4 25. Rf4 Rxf4 26. exf4 Re8 27. Qd1 Ne4 28.
Qg4 Qxh6 29. Nxe4 dxe4 30. Be3 Rd8 31. Qg5 Qxg5+ 32. fxg5 Rd5 33. Rf1 Na5 34.
Kg3 Nb7 35. f6 g6 36. Bf4 Nd8 37. Re1 Ne6 38. Rxe4 Ra5 39. Kg4 Rf5 40. Bd6 Rf1
41. d5 Nc5 42. Re8+ Kh7 43. Bf8 Rg1+ 44. Kh3 Nd3 45. Bg7 1-0

[Event "IX Floripa Chess Open Fort Atacadista"]
[Site "Florianópolis - Santa Catari"]
[Date "2023.01.29"]
[Round "10.97"]
[White "Paniago, Lucio Erloiny Silva"]
[Black "Cruz, Natan Gomes"]
[Result "0-1"]
[WhiteElo "1529"]
[BlackElo "1891"]
[PlyCount "50"]
[EventDate "2023.01.23"]
[EventRounds "10"]
[EventCountry "BRA"]

1. d4 d5 2. c4 c6 3. Nf3 Nf6 4. Nc3 e6 5. Bf4 dxc4 6. e4 Bb4 7. Qc2 b5 8. Be2
Nbd7 9. O-O Bb7 10. Rfd1 a6 11. a4 Qb6 12. axb5 axb5 13. Rxa8+ Bxa8 14. Ne1 O-O
15. h4 c5 16. dxc5 Bxc5 17. Bf3 e5 18. Bc1 Bd4 19. g3 Nc5 20. Ng2 Bxc3 21. bxc3
Ncxe4 22. Re1 Nc5 23. Bxa8 Rxa8 24. Rxe5 Nd3 25. Re2 Ra1 0-1

[Event "IX Floripa Chess Open Fort Atacadista"]
[Site "Florianópolis - Santa Catari"]
[Date "2023.01.29"]
[Round "10.98"]
[White "Passos, Rafael Moreira"]
[Black "De Oliveira, Jairo Quintiliano"]
[Result "1-0"]
[WhiteElo "1891"]
[BlackElo "1745"]
[PlyCount "97"]
[EventDate "2023.01.23"]
[EventRounds "10"]
[EventCountry "BRA"]

1. d4 d5 2. c4 c6 3. cxd5 cxd5 4. Nc3 Nf6 5. Bf4 Nc6 6. e3 e6 7. Bd3 Bd6 8.
Bxd6 Qxd6 9. f4 a6 10. Nf3 b5 11. O-O O-O 12. a4 b4 13. Nb1 Na5 14. Nbd2 Bb7
15. Ne5 Rac8 16. Qf3 Qe7 17. Qe2 Qd6 18. Ndf3 Ne4 19. Rac1 f6 20. Ng4 Rxc1 21.
Rxc1 Rc8 22. Rxc8+ Bxc8 23. Bxe4 dxe4 24. Nd2 Qc6 25. Qd1 e5 26. fxe5 Bxg4 27.
Qxg4 fxe5 28. Qxe4 exd4 29. Qxd4 Qxa4 30. Ne4 h6 31. h3 Nc6 32. Qd5+ Kh8 33. b3
Qa1+ 34. Kh2 Na5 35. Qf5 Nxb3 36. Qc8+ Kh7 37. Qc2 Qe5+ 38. Ng3+ Kh8 39. Qxb3
a5 40. e4 h5 41. Qd5 Qxd5 42. exd5 Kg8 43. Ne4 b3 44. Nc3 b2 45. Kg3 a4 46. Nb1
Kf7 47. Kf4 Kf6 48. h4 Ke7 49. Ke5 1-0

[Event "IX Floripa Chess Open Fort Atacadista"]
[Site "Florianópolis - Santa Catari"]
[Date "2023.01.29"]
[Round "10.99"]
[White "Medeiros, Thauane Ferreira"]
[Black "Ribeiro Carrico, Victor Hugo"]
[Result "1-0"]
[WhiteElo "1883"]
[BlackElo "1737"]
[PlyCount "107"]
[EventDate "2023.01.23"]
[EventRounds "10"]
[EventCountry "BRA"]

1. d4 Nf6 2. Bf4 c5 3. e3 Nc6 4. Nf3 Nh5 5. Bg5 h6 6. Bh4 g5 7. Bg3 Nxg3 8.
hxg3 Bg7 9. c3 a6 10. Nbd2 cxd4 11. cxd4 d6 12. Rc1 Bf5 13. Bc4 d5 14. Be2 O-O
15. O-O Qb6 16. Qb3 Qxb3 17. Nxb3 Rfc8 18. a3 Rc7 19. Rc3 Rac8 20. Rfc1 g4 21.
Nfd2 e5 22. Kf1 a5 23. Bb5 exd4 24. exd4 Nxd4 25. Rxc7 Rxc7 26. Rxc7 Nxb5 27.
Rxb7 Bxb2 28. Nc5 Bc3 29. Rxb5 Bxd2 30. Ke2 Bc3 31. Na4 Bg7 32. Rxa5 Bf8 33.
Nc3 Be6 34. Kd2 Kg7 35. Ne2 Kf6 36. Nf4 Ke5 37. Ra8 Be7 38. a4 Bg5 39. a5 d4
40. a6 Bd5 41. Re8+ Kd6 42. a7 Bxg2 43. a8=Q Bxa8 44. Rxa8 Ke5 45. Ke2 Bxf4 46.
gxf4+ Kxf4 47. Rd8 Ke4 48. Rh8 d3+ 49. Ke1 f5 50. Rxh6 f4 51. Rd6 Kf3 52. Rxd3+
Kg2 53. Rd4 Kf3 54. Kf1 1-0

[Event "IX Floripa Chess Open Fort Atacadista"]
[Site "Florianópolis - Santa Catari"]
[Date "2023.01.29"]
[Round "10.100"]
[White "Marques, Eudes Pinto"]
[Black "Franca Junior, Jairo"]
[Result "1-0"]
[WhiteElo "1882"]
[BlackElo "1696"]
[PlyCount "63"]
[EventDate "2023.01.23"]
[EventRounds "10"]
[EventCountry "BRA"]

1. c4 Nf6 2. Nf3 g6 3. Nc3 Bg7 4. e4 d6 5. d3 O-O 6. g3 Nc6 7. Bg2 Bg4 8. h3
Bd7 9. O-O e5 10. Be3 h6 11. Qd2 Kh7 12. Rac1 a5 13. d4 exd4 14. Nxd4 Qe7 15.
Nxc6 Bxc6 16. Qd3 Rfe8 17. Nd5 Bxd5 18. exd5 Nd7 19. Qd2 b6 20. Bd4 Bxd4 21.
Qxd4 Qe5 22. Qd2 Nc5 23. Rfe1 Qf6 24. b3 Nd7 25. Rc3 Re5 26. Rxe5 dxe5 27. d6
Rc8 28. Bb7 Qd8 29. Bxc8 Qxc8 30. Rf3 Kg7 31. Qd5 Nf6 32. Qxe5 1-0

[Event "IX Floripa Chess Open Fort Atacadista"]
[Site "Florianópolis - Santa Catari"]
[Date "2023.01.29"]
[Round "10.101"]
[White "Weise, William Ferreira"]
[Black "Campora, Edgardo"]
[Result "0-1"]
[WhiteElo "1856"]
[BlackElo "1676"]
[PlyCount "62"]
[EventDate "2023.01.23"]
[EventRounds "10"]
[EventCountry "BRA"]

1. e4 e5 2. Nf3 Nc6 3. Bb5 Nf6 4. O-O Bc5 5. d3 d6 6. Nc3 O-O 7. Bg5 Be6 8. Ne2
Bg4 9. Bxc6 bxc6 10. c3 Bxf3 11. gxf3 h6 12. Bh4 g5 13. Bg3 Nh5 14. Kg2 f5 15.
d4 exd4 16. cxd4 Bb6 17. exf5 Rxf5 18. Rh1 Qf6 19. Qb3+ Kg7 20. h4 Re8 21. Rae1
Ba5 22. Nc3 Rxe1 23. Rxe1 gxh4 24. Re6 Qf7 25. Ne4 hxg3 26. fxg3 Rb5 27. Qc4
Rxb2+ 28. Kg1 d5 29. Qxc6 Rb6 30. Qxd5 Rxe6 31. Qxa5 Qxf3 0-1

[Event "IX Floripa Chess Open Fort Atacadista"]
[Site "Florianópolis - Santa Catari"]
[Date "2023.01.29"]
[Round "10.102"]
[White "Cardozo, Matheus Santos"]
[Black "Goncalves, Davi Augusto"]
[Result "1/2-1/2"]
[WhiteElo "1856"]
[BlackElo "1667"]
[PlyCount "82"]
[EventDate "2023.01.23"]
[EventRounds "10"]
[EventCountry "BRA"]

1. Nf3 d5 2. d4 e6 3. g3 Nf6 4. Bg2 Be7 5. O-O O-O 6. c4 dxc4 7. Qc2 a6 8. Qxc4
b5 9. Qc2 Bb7 10. Bd2 Be4 11. Qb3 Bd5 12. Qc2 Be4 13. Qc1 Nbd7 14. Ba5 Nb6 15.
Nbd2 Bb7 16. Qc2 Re8 17. Rac1 Nfd7 18. Ng5 Bxg5 19. Bxb7 Rb8 20. Qxc7 Bxd2 21.
Bxd2 Nc4 22. Rxc4 bxc4 23. Qc6 Qb6 24. Qxb6 Nxb6 25. Bxa6 Ra8 26. Bb5 Rxa2 27.
Bc3 Rc8 28. e4 Rca8 29. Kg2 Ra1 30. Rxa1 Rxa1 31. Kf3 f6 32. d5 exd5 33. exd5
Rd1 34. Ke4 f5+ 35. Kf4 Rxd5 36. Ba6 Kf7 37. Bb7 Rd7 38. Bc6 Rd6 39. Bb5 Rd5
40. Bc6 Rd6 41. Bb5 Rd5 1/2-1/2

[Event "IX Floripa Chess Open Fort Atacadista"]
[Site "Florianópolis - Santa Catari"]
[Date "2023.01.29"]
[Round "10.103"]
[White "Mayeregger Gonzalez, Fiorella"]
[Black "Felix, Raimundo Nascimento"]
[Result "1-0"]
[WhiteElo "1340"]
[BlackElo "1848"]
[PlyCount "145"]
[EventDate "2023.01.23"]
[EventRounds "10"]
[EventCountry "BRA"]

1. Nf3 Nf6 2. c4 e6 3. e3 d5 4. b3 Be7 5. Bb2 Nbd7 6. Be2 O-O 7. O-O Re8 8. d4
Ne4 9. Nbd2 f5 10. Ne5 Nxe5 11. dxe5 c6 12. Nxe4 fxe4 13. Qc2 Bg5 14. Rad1 Qe7
15. f4 exf3 16. Rxf3 g6 17. c5 Bd7 18. Bd4 Rf8 19. Rdf1 Bh6 20. Qd1 b6 21.
Rxf8+ Rxf8 22. Rxf8+ Bxf8 23. b4 Qg5 24. Qf1 bxc5 25. bxc5 Qd8 26. Qb1 Qc7 27.
Qb4 Bc8 28. a4 a5 29. Qc3 Be7 30. Kf2 Bh4+ 31. g3 Qf7+ 32. Kg2 Bd8 33. Qc2 Qb7
34. Qb2 Qxb2 35. Bxb2 Kg7 36. Kf3 h5 37. h4 g5 38. hxg5 Bxg5 39. Bc3 Bd8 40. e4
Bd7 41. Kf4 Kg6 42. Kf3 Be8 43. Ba6 Kf7 44. Bb7 Ke7 45. Kf4 Kd7 46. exd5 exd5
47. Kf5 Bf7 48. Kf4 Be6 49. Ke3 Bg4 50. Kd2 Bg5+ 51. Ke1 Be3 52. Bxa5 Bxc5 53.
Bc3 d4 54. Bd2 Bf3 55. a5 Ke6 56. Kf2 Bd5 57. a6 Kxe5 58. Bf4+ Ke4 59. Bb8 d3+
60. Kf1 d2 61. Ke2 Bb4 62. a7 Bc4+ 63. Kf2 Bc5+ 64. Kg2 d1=Q 65. Bxc6+ Kf5 66.
a8=Q Qg1+ 67. Kh3 Be6 68. Bd7 Qf1+ 69. Kh2 Bg1+ 70. Kh1 Bf2+ 71. Kh2 Qg1+ 72.
Kh3 Qxg3+ 73. Bxg3 1-0